|
|
|
|
| LEADER |
01357nam a2200337 a 4500 |
| 001 |
EBC3012396 |
| 003 |
MiAaPQ |
| 005 |
20200520144314.0 |
| 006 |
m o d | |
| 007 |
cr cn||||||||| |
| 008 |
111206s2010 sw ab sbs 000 0 eng d |
| 020 |
|
|
|z 9789221232681
|
| 020 |
|
|
|a 9789221232698 (electronic bk.)
|
| 035 |
|
|
|a (MiAaPQ)EBC3012396
|
| 035 |
|
|
|a (Au-PeEL)EBL3012396
|
| 035 |
|
|
|a (CaPaEBR)ebr10512064
|
| 035 |
|
|
|a (OCoLC)656566658
|
| 040 |
|
|
|a MiAaPQ
|c MiAaPQ
|d MiAaPQ
|
| 050 |
|
4 |
|a HD7091
|b .P76 2010
|
| 245 |
0 |
0 |
|a Providing coverage in times of crisis and beyond
|h [electronic resource].
|
| 260 |
|
|
|a Geneva :
|b International Labour Office,
|c 2010.
|
| 300 |
|
|
|a xvi, 278 p. :
|b col. ill., col. maps.
|
| 490 |
0 |
|
|a World social security report ;
|v 2010/11
|
| 504 |
|
|
|a Includes bibliographical references.
|
| 505 |
0 |
|
|a pt. 1. Monitoring the state of social security coverage -- pt. 2. Thematic focus : social security in times of crisis.
|
| 533 |
|
|
|a Electronic reproduction. Ann Arbor, MI : ProQuest, 2015. Available via World Wide Web. Access may be limited to ProQuest affiliated libraries.
|
| 650 |
|
0 |
|a Social security.
|
| 650 |
|
0 |
|a Social security
|v Statistics.
|
| 655 |
|
4 |
|a Electronic books.
|
| 710 |
2 |
|
|a ProQuest (Firm)
|
| 856 |
4 |
0 |
|u https://ebookcentral.proquest.com/lib/matrademy/detail.action?docID=3012396
|z Click to View
|